000 00461nam a2200181Ia 4500
005 20250508163709.0
008 008 250505s9999 xx 000 0 hin d
037 _aTextual
040 _aFEDL
_beng
_cFEDL
041 _ahin
_2eng
084 _aB, GAN
_qFEDL
100 _aPandit Nalini
_9227134
245 0 _aGandhi
260 _aDelhi, India
_bSanmarg Prakashan
_c1993
300 _a291p.
942 _cTEXL
_hB, GAN
999 _c1384767
_d1384767